000 00300nam a2200133Ia 4500
008 240112s1968 JULY xx 000 0 und d
041 _aeng
082 _a617.05
100 _aJONES E.
245 _aARCHIVES OF SURGERY
260 _bA.M.A
_c1968 JULY
300 _a1062,HB
_c1
440 _v97
999 _c1141686
_d1141686